| 000 | 01590nam a2200373 c 4500 | ||
|---|---|---|---|
| 003 | BLK | ||
| 005 | 20191007150318.0 | ||
| 008 | 180410b bul|||||r ||||||| ||bul|| | ||
| 010 | _aKNG00161911000 | ||
| 020 |
_a978-619-90181-1-8 _bиздат.: Пескадо |
||
| 040 | _aBLK | ||
| 041 |
_aBUL _cBUL |
||
| 072 | 7 |
_2bullib _aН32 _xПолитика Н |
|
| 080 |
_aВътрешна политика. Вж и 329 _b323 _x(497.2) _z323(497.2) |
||
| 100 | 1 |
_aГеоргиев, Пламен _eпърви автор _gДимитров, Пламен Георгиев _9369370 |
|
| 700 | 1 |
_aДимитров, Пламен Георгиев _e* _9332756 |
|
| 139 |
_aГеоргиев, Пламен _bГ 37 |
||
| 245 | 1 | 0 |
_aЗа демокрацията и нейното българско приключение _cПламен Георгиев; * Пламен Георгиев Димитров. |
| 257 | _aBGR | ||
| 260 |
_аСофия _bПескадо _c2013 _fСофия : Алианс принт |
||
| 300 |
_a448 с. _c24 см |
||
| 380 | _a3 | ||
| 500 | _aПълното име на авт. Пламен Георгиев Димитров. | ||
| 650 | 4 |
_aПреход от тоталитаризъм към демокрация - България _9245662 |
|
| 651 | 4 |
_aБългария _9241624 |
|
| 653 | _aпреходно общество | ||
| 653 | _aвътрешна политика | ||
| 659 | _aН | ||
| 852 | _aЦб 269292 | ||
| 856 | 4 |
_qpdf _u |
|
| 856 | 4 |
_qpdf _u |
|
| 942 |
_cKNG _n0 _02 |
||
| 944 |
_aCR _c11.06.2014 _lф / _kЛюдмила_Стоянова |
||
| 944 |
_aED _c11.03.2015 _lф / _kПенка_Димитрова |
||
| 999 |
_c155237 _d155237 |
||